| 000 | 00807cam a2200277 4500 | ||
|---|---|---|---|
| 001 | 1251100 | ||
| 008 | 730420s1974 nyu b 001 0 eng | ||
| 010 | _a 73006854 | ||
| 040 |
_aDLC _cCUZ _dCUZ _beng _erda |
||
| 050 | 0 | 0 |
_aJN2594.2 _bBLO |
| 100 | 1 |
_aBlondel, Jean, _d1929- |
|
| 245 | 1 | 4 | _aThe government of France. |
| 250 | _a4th ed. | ||
| 264 |
_aNew York, _bCrowell _c[1974] |
||
| 300 |
_axii, 307 p. _c21 cm. |
||
| 336 |
_atext _btxt |
||
| 337 |
_aunmediated _bn |
||
| 338 | _2rdacarrier | ||
| 490 | 0 | _aThe Crowell comparative government series | |
| 500 | _aFirst-2d editions by E. D. Godfrey, Jr. | ||
| 651 | 0 | _aFrance | |
| 651 | 0 | _aFrance | |
| 942 | _cOS | ||
| 999 |
_c44700 _d44700 |
||